000 00432nam a2200169 a 4500
001 0000-8792
003 ELIB.Books
008 110520 1976
035 _a(ELIB.Books)0000-8938
082 _a242.72
_bGos
100 _aGossett, Don
245 _aThere's Dynamite in Praise
260 _bSpringdale; Whitaker House
_c1976
650 _aDevotional Theology
942 _2ddc
_cBK
998 _cbat
_e2011-05-20
999 _c8792
_d8792